|
|
|
|
| LEADER |
00000nam0a2200000 4500 |
| 001 |
62693 |
| 005 |
20231031063743.0 |
| 010 |
|
|
|a 5020183202
|
| 035 |
|
|
|a (RuTPU)RU\TPU\book\66504
|
| 090 |
|
|
|a 62693
|
| 100 |
|
|
|a 20040416d2003 k y0rusy50 ca
|
| 101 |
0 |
|
|a rus
|
| 102 |
|
|
|a RU
|
| 105 |
|
|
|a a z 001zy
|
| 200 |
1 |
|
|a Подвижники ислама. Культ святых и суфизм в Средней Азии и на Кавказе
|f Российская академия наук, Институт этнологии и антропологии им. Н. Н. Миклухо-Маклая; под ред. С. Н. Абашина и В. О. Бобровникова
|
| 210 |
|
|
|a Москва
|c Восточная литература
|d 2003
|
| 215 |
|
|
|a 336 с.
|c ил.
|
| 320 |
|
|
|a Библиография в конце статей
|
| 610 |
1 |
|
|a религия
|
| 610 |
1 |
|
|a ислам
|
| 610 |
1 |
|
|a суфизм
|
| 610 |
1 |
|
|a культ святых
|
| 610 |
1 |
|
|a подвижники
|
| 610 |
1 |
|
|a Средняя Азия
|
| 610 |
1 |
|
|a Кавказ
|
| 610 |
1 |
|
|a мусульманство
|
| 610 |
1 |
|
|a Дагестан
|
| 686 |
|
|
|a Э38-5
|v LBC/SL-A
|2 rubbk
|
| 702 |
|
1 |
|a Абашин
|b С. Н.
|4 340
|
| 702 |
|
1 |
|a Бобровников
|b В. О.
|4 340
|
| 712 |
0 |
2 |
|a Российская академия наук
|b Институт этнологии и антропологии им. Н. Н. Миклухо-Маклая
|2 stltpush
|3 (RuTPU)RU\TPU\col\377
|
| 801 |
|
1 |
|a RU
|b 63413507
|c 20040416
|g PSBO
|
| 801 |
|
2 |
|a RU
|b 63413507
|c 20070924
|g PSBO
|
| 942 |
|
|
|c BK
|